| 000 | 00468nam a22001817a 4500 | ||
|---|---|---|---|
| 003 | CEME | ||
| 005 | 20210628201718.0 | ||
| 008 | 210204b xxu||||| |||| 00| 0 eng d | ||
| 020 | _a81-85618-60-7 | ||
| 040 | _c. | ||
| 082 | _a515 BOL | ||
| 100 |
_aBollobas, Bela _956471 |
||
| 245 | _aLinear analysis ,an introductory course | ||
| 260 |
_aNEW YORK _bCAMBRIDGE UNIVERSITY PRESS _c1999 |
||
| 300 | _aXI,240P | ||
| 650 |
_aLINEAR ANALYSIS _956472 |
||
| 942 |
_cBK _2ddc |
||
| 999 |
_c566874 _d566874 |
||